Is It Possible to Teach Econometrics Effectively?

Gespeichert in:
Bibliographische Detailangaben
1. Verfasser: Lukáčik, Martin, 1974-
Weitere Verfasser: Lukáčiková, Adriana, 1971-, Szomolányi, Karol, 1976-
Format: Buchkapitel
Sprache:Englisch
Schlagworte:
Tags: Tag hinzufügen
Keine Tags, Fügen Sie das erste Tag hinzu!

MARC

LEADER 00000naa$a2200000$$$4500
001 0190318
005 20240502083441.5
041 0 |a eng 
044 |a CZ 
245 1 0 |a Is It Possible to Teach Econometrics Effectively?  |c Martin Lukáčik, Adriana Lukáčiková, Karol Szomolányi 
610 2 0 |a vzdelávanie vysokoškolské 
610 2 0 |a efektívnosť 
610 2 0 |a ekonometria 
610 2 0 |a simulácia 
610 2 0 |a modely regresné 
610 2 0 |a modely lineárne 
100 1 |a Lukáčik, Martin, 1974- 
700 1 |a Lukáčiková, Adriana, 1971- 
700 1 |a Szomolányi, Karol, 1976-